000 00954nam a2200289 i 4500
003 EG-GICUC
005 20260303072840.0
008 260303s1916 sa ||fr|||| 001 0 eng d
040 _aEG-GiCUC
_beng
_cEG-GiCUC
_dEG-GiCUC
_erda
041 0 _aeng
082 0 4 _221
_a341.6068
_bNA . I
092 0 4 _221
099 _aLaw1 11 341.6068 NA . I 1916
100 1 _aNathan, Manfred
_eAuthor.
245 1 4 _aThe Influence Of War On Contracts :
_bAnd Other Liabilities /
_cBy Manfred Nathan, M.a., Ll.d.
264 1 _aJohannesburg :
_bW. E. Hortor & Co,
_c1916.
300 _a120 pages,
_c24 cm
336 _2rda content
_atext
337 _2rda media
_aComputer
338 _2rda carrier
_aOnline Resource
504 _aIncludes bibliographical references and index.
546 _aText in English
650 1 4 _aPublic international law
856 4 0 _uhttps://fll.law.cu.edu.eg/fulltext/bks/B11-08453.pdf
905 _a48
942 _2ddc
_cBK
_e21
_n0
999 _c64698
_d64698